Super slugger : (Record no. 104)

MARC details
000 -LEADER
fixed length control field 01681nam a22004697a 4500
001 - CONTROL NUMBER
control field 104
003 - CONTROL NUMBER IDENTIFIER
control field FISKH
005 - DATE AND TIME OF LATEST TRANSACTION
control field 20250307104901.0
008 - FIXED-LENGTH DATA ELEMENTS--GENERAL INFORMATION
fixed length control field 230224b cb ||||| |||| 00| 0 eng d
010 ## - LIBRARY OF CONGRESS CONTROL NUMBER
LC control number 2012043426
020 ## - INTERNATIONAL STANDARD BOOK NUMBER
International Standard Book Number 9781423140047
020 ## - INTERNATIONAL STANDARD BOOK NUMBER
International Standard Book Number 9780545565578
040 ## - CATALOGING SOURCE
Original cataloging agency DLC
Language of cataloging eng
Transcribing agency DLC
Description conventions rda
Modifying agency DLC
-- DLC
-- FISKH
042 ## - AUTHENTICATION CODE
Authentication code lcac
-- pcc
050 10 - LIBRARY OF CONGRESS CALL NUMBER
Classification number PZ7.R4842
Item number Sv 2013
082 00 - DEWEY DECIMAL CLASSIFICATION NUMBER
Classification number 796.357
Edition number 23
100 1# - MAIN ENTRY--PERSONAL NAME
Personal name Ripken, Cal,
Titles and words associated with a name Jr.,
Dates associated with a name 1960-
240 10 - UNIFORM TITLE
Uniform title Super-sized slugger
245 10 - TITLE STATEMENT
Title Super slugger :
Remainder of title a novel /
Statement of responsibility, etc. Cal Ripken, Jr. ; with Kevin Cowherd.
264 #1 - PRODUCTION, PUBLICATION, DISTRIBUTION, MANUFACTURE, AND COPYRIGHT NOTICE
Place of production, publication, distribution, manufacture New York :
Name of producer, publisher, distributor, manufacturer Scholastic
Date of production, publication, distribution, manufacture, or copyright notice 2012
300 ## - PHYSICAL DESCRIPTION
Extent 183 pages :
Dimensions 20 cm
336 ## - CONTENT TYPE
Content type term text
Source rdacontent
337 ## - MEDIA TYPE
Media type term unmediated
Source rdamedia
338 ## - CARRIER TYPE
Carrier type term volume
Source rdacarrier
500 ## - GENERAL NOTE
General note Originally published in 2012 under title: Super-sized slugger.
505 ## - FORMATTED CONTENTS NOTE
Formatted contents note L<br/>
520 ## - SUMMARY, ETC.
Summary, etc. Thirteen-year-old Cody Parker moves to Baltimore, Maryland, where as a fat eighth-grader, he has to deal with brutal teasing from a baseball teammate, and his school is beset by a rash of mysterious thefts that threaten to sideline Cody and ruin a golden season for his team.
521 8# - TARGET AUDIENCE NOTE
Target audience note 800 <br/>
Source Lexile
521 8# - TARGET AUDIENCE NOTE
Target audience note L <br/>
Source Raz-Plus
650 #1 - SUBJECT ADDED ENTRY--TOPICAL TERM
Topical term or geographic name entry element Baseball
Form subdivision Fiction.
650 #1 - SUBJECT ADDED ENTRY--TOPICAL TERM
Topical term or geographic name entry element Moving, Household
Form subdivision Fiction.
650 #1 - SUBJECT ADDED ENTRY--TOPICAL TERM
Topical term or geographic name entry element Overweight persons
Form subdivision Fiction.
650 #1 - SUBJECT ADDED ENTRY--TOPICAL TERM
Topical term or geographic name entry element Bullies and bullying
Form subdivision Fiction.
650 #1 - SUBJECT ADDED ENTRY--TOPICAL TERM
Topical term or geographic name entry element Stealing
Form subdivision Fiction.
650 #1 - SUBJECT ADDED ENTRY--TOPICAL TERM
Topical term or geographic name entry element Schools
Form subdivision Fiction.
650 #1 - SUBJECT ADDED ENTRY--TOPICAL TERM
Topical term or geographic name entry element Middle schools
Form subdivision Fiction.
650 #1 - SUBJECT ADDED ENTRY--TOPICAL TERM
Topical term or geographic name entry element Mystery and detective stories.
651 #1 - SUBJECT ADDED ENTRY--GEOGRAPHIC NAME
Geographic name Baltimore (Md.)
Form subdivision Fiction.
700 1# - ADDED ENTRY--PERSONAL NAME
Personal name Cowherd, Kevin.
906 ## - LOCAL DATA ELEMENT F, LDF (RLIN)
a 7
b cbc
c orignew
d 1
e ecip
f 20
g y-gencatlg
942 ## - ADDED ENTRY ELEMENTS (KOHA)
Source of classification or shelving scheme Dewey Decimal Classification
Koha item type Books
Suppress in OPAC No
Holdings
Withdrawn status Lost status Source of classification or shelving scheme Damaged status Not for loan Collection Home library Current library Shelving location Date acquired Total Checkouts Full call number Barcode Date last seen Price effective from Koha item type Copy number
    Dewey Decimal Classification     Fiction Footprints International School Library Network Toul Kork Campus Footprints International School Library Network Toul Kork Campus A TK Campus, 4th Floor, Room B401, Fiction Bookcases (1-6) 02/24/2023   RIP 796.357 PZ7.R4842 FISTK04886 02/24/2023 02/24/2023 Books  
    Dewey Decimal Classification     Fiction Footprints International School Library Network Toul Tom Poung Campus Footprints International School Library Network Toul Tom Poung Campus TTP Secondary Fiction Bookshelves 03/07/2025   RIP 796.357 PZ7.R4842 2025-0752 03/07/2025 03/07/2025 Books 2